| 000 | 00813nam a2200253Ia 4500 | ||
|---|---|---|---|
| 003 | OSt | ||
| 005 | 20220923225249.0 | ||
| 006 | a|||||r|||| 00| 0 | ||
| 007 | ta | ||
| 008 | 220922b |||||||| |||| 00| 0 hin d | ||
| 024 | _a261,743 | ||
| 037 | _cTextual | ||
| 040 |
_aARTS _cARTS _bhin |
||
| 041 |
_2hin _ahin |
||
| 082 | _az2, 152M4 | ||
| 100 | _aपाण्डेय, वीरेन्द्र | ||
| 245 | 0 | _aराष्ट्र चिंतन | |
| 246 | _aRāṣhṭra chiantana | ||
| 260 |
_aभोपाल _b राष्ट्रीय प्रकाशन _c1984 |
||
| 300 |
_a152पृ. _ccm. |
||
| 650 | _aज्श्रन्ैथ्ल्यज्ञ | ||
| 942 |
_hz2, 152M4 _cTEXL _2CC |
||
| 999 |
_c377138 _d377138 |
||